[Event "SVK-chT1W 1920"]
[Site "Slovakia"]
[Date "2019.10.12"]
[Round "1.2"]
[White "Farkas, Gabor"]
[Black "Zetocha, Claudiu"]
[Result "1-0"]
[WhiteElo "2363"]
[BlackElo "2299"]
[PlyCount "73"]
[EventDate "2019.10.12"]
[EventType "team-tourn"]
[EventRounds "11"]
[EventCountry "SVK"]
[SourceTitle "CBM 193 Extra"]
[Source "ChessBase"]
[SourceDate "2020.01.31"]
[SourceVersion "1"]
[SourceVersionDate "2020.01.31"]
[SourceQuality "1"]
[WhiteTeam "Gabcikovo MSK"]
[BlackTeam "Bratislava Slovan II"]
[WhiteTeamCountry "SVK"]
[BlackTeamCountry "SVK"]

1. d4 Nf6 2. c4 e6 3. Nf3 Bb4+ 4. Bd2 a5 5. g3 0-0 6. Bg2 d6 7. 0-0 Bxd2 8. Qxd2 Ne4 9. Qc2 f5 10. Nfd2 Nxd2 11. Qxd2 Qe7 12. Nc3 c6 13. e4 fxe4 14. Nxe4 d5 15. Ng5 dxc4 16. Rfe1 h6 17. Nf3 Qd6 18. Re5 a4 19. Qe3 a3 20. b3 cxb3 21. Qxb3 Na6 22. Rae1 Nc7 23. R1e4 Nd5 24. Rg4 Qb4 25. Qd3 Rf6 26. h4 Qc3 27. Qd1 Bd7 28. Nd2 Qb2 29. Ne4 Rf5 30. Rg6 Rxe5 31. dxe5 Qxe5 32. Qg4 Kh7 33. Nf6+ Nxf6 34. Rxg7+ Kh8 35. Qg6 Qf5 36. Qxh6+ Nh7 37. Rxd7 1-0

[Event "Pardubice Czech op-A 30th"]
[Site "Pardubice"]
[Date "2019.07.27"]
[Round "9"]
[White "Svanda, Ondrej"]
[Black "Zetocha, Claudiu"]
[Result "1/2-1/2"]
[WhiteElo "2234"]
[BlackElo "2316"]
[PlyCount "41"]
[EventDate "2019.07.19"]
[EventType "swiss"]
[EventRounds "9"]
[EventCountry "CZE"]
[SourceTitle "CBM 191"]
[Source "ChessBase"]
[SourceDate "2019.08.31"]
[SourceVersion "1"]
[SourceVersionDate "2019.08.31"]
[SourceQuality "1"]

1. e4 c5 2. Nf3 e6 3. d4 cxd4 4. Nxd4 Nc6 5. Nc3 Qc7 6. Be3 a6 7. Be2 Nf6 8. a3 Be7 9. 0-0 0-0 10. f4 d6 11. Kh1 Re8 12. Bf3 Rb8 13. Qe1 Na5 14. Rd1 Nd7 15. Bg4 Bf6 16. Qg3 Nc4 17. Bc1 Qb6 18. Nb3 Qc7 19. Nd4 Qb6 20. Nb3 Qc7 21. Nd4 1/2-1/2

[Event "Pardubice Czech op-A 30th"]
[Site "Pardubice"]
[Date "2019.07.26"]
[Round "8"]
[White "Zetocha, Claudiu"]
[Black "Mullick, Raahil"]
[Result "1/2-1/2"]
[WhiteElo "2316"]
[BlackElo "2211"]
[PlyCount "85"]
[EventDate "2019.07.19"]
[EventType "swiss"]
[EventRounds "9"]
[EventCountry "CZE"]
[SourceTitle "CBM 191"]
[Source "ChessBase"]
[SourceDate "2019.08.31"]
[SourceVersion "1"]
[SourceVersionDate "2019.08.31"]
[SourceQuality "1"]

1. c4 e5 2. e3 Nf6 3. a3 Be7 4. Nc3 0-0 5. Nf3 d6 6. Qc2 Re8 7. Be2 Bf8 8. d3 c6 9. b4 a5 10. b5 Nbd7 11. 0-0 d5 12. bxc6 bxc6 13. Na4 Ba6 14. Bb2 dxc4 15. d4 exd4 16. Bxd4 c5 17. Bb2 Qc7 18. Bxc4 Bxc4 19. Qxc4 Ne4 20. Nc3 Nb6 21. Qe2 Nxc3 22. Bxc3 c4 23. Rfc1 Nd5 24. Nd2 Rac8 25. Qh5 Red8 26. Be5 Qe7 27. Bd4 Nf4 28. Qf3 Rxd4 29. exd4 Ne2+ 30. Kf1 Nxc1 31. Rxc1 c3 32. Rxc3 Rxc3 33. Qxc3 Qxa3 34. Qxa3 Bxa3 35. Nc4 Bb4 36. Ke2 f5 37. Kd3 Kf7 38. d5 Ke7 39. Kc2 a4 40. f3 g6 41. Nb6 a3 42. Nc4 Bc5 43. Kb3 1/2-1/2

[Event "Pardubice Czech op-A 30th"]
[Site "Pardubice"]
[Date "2019.07.23"]
[Round "5"]
[White "Parizek, Vojtech"]
[Black "Zetocha, Claudiu"]
[Result "1/2-1/2"]
[WhiteElo "2199"]
[BlackElo "2316"]
[PlyCount "118"]
[EventDate "2019.07.19"]
[EventType "swiss"]
[EventRounds "9"]
[EventCountry "CZE"]
[SourceTitle "CBM 191"]
[Source "ChessBase"]
[SourceDate "2019.08.31"]
[SourceVersion "1"]
[SourceVersionDate "2019.08.31"]
[SourceQuality "1"]

1. e4 c5 2. Nf3 e6 3. d4 cxd4 4. Nxd4 a6 5. Bd3 Nf6 6. 0-0 d6 7. c4 Be7 8. Nc3 0-0 9. Qe2 Re8 10. Be3 Nbd7 11. f4 g6 12. Kh1 e5 13. Nf3 exf4 14. Bxf4 Nc5 15. Rad1 Be6 16. Bb1 Qc7 17. h3 Ncd7 18. b3 Ne5 19. Rc1 Nh5 20. Bh2 Rac8 21. Qd2 Bf6 22. Ne2 Qe7 23. Ned4 Red8 24. Bd3 Bg7 25. Qe3 Nf6 26. Rcd1 Nfd7 27. Bf4 Nc5 28. Bc2 Bd7 29. a4 Bc6 30. a5 Nxf3 31. Nxf3 Nxe4 32. Bxe4 Qxe4 33. Qxe4 Bxe4 34. Rxd6 Bc3 35. Rxd8+ Rxd8 36. Be5 Bxa5 37. Ng5 Bf5 38. g4 Bd2 39. Nxf7 Be4+ 40. Kh2 Rf8 41. Rd1 Rxf7 42. Rxd2 Rf3 43. b4 Rb3 44. Bd6 Bd3 45. Bc5 Kf7 46. Rf2+ Ke6 47. Rf4 Rc3 48. Rd4 Bxc4 49. Rd6+ Ke5 50. Bd4+ Kxd6 51. Bxc3 Kc6 52. Kg3 Kb5 53. Kf4 b6 54. Kg5 Bf1 55. Kh6 Bxh3 56. Kxh7 Bxg4 57. Kxg6 a5 58. bxa5 bxa5 59. Bxa5 Kxa5 1/2-1/2

[Event "Pardubice Czech op-A 30th"]
[Site "Pardubice"]
[Date "2019.07.22"]
[Round "4"]
[White "Zetocha, Claudiu"]
[Black "Karthik, Venkataraman"]
[Result "0-1"]
[WhiteElo "2316"]
[BlackElo "2480"]
[PlyCount "148"]
[EventDate "2019.07.19"]
[EventType "swiss"]
[EventRounds "9"]
[EventCountry "CZE"]
[SourceTitle "CBM 191"]
[Source "ChessBase"]
[SourceDate "2019.08.31"]
[SourceVersion "1"]
[SourceVersionDate "2019.08.31"]
[SourceQuality "1"]

1. Nf3 g6 2. e4 d6 3. d4 Nf6 4. Nc3 Bg7 5. Be3 c6 6. Qd2 b5 7. Bd3 0-0 8. Bh6 Bg4 9. a4 b4 10. Ne2 a5 11. Neg1 Nbd7 12. h3 Bxf3 13. Nxf3 e5 14. dxe5 dxe5 15. Be3 Qe7 16. Qe2 Nh5 17. g3 Kh8 18. Nd2 Nc5 19. Bc4 Nb7 20. Ba6 Nc5 21. Bc4 Nb7 22. Ba6 Nf6 23. Bxb7 Qxb7 24. Bg5 Nd7 25. h4 h6 26. Be3 f5 27. f3 f4 28. Bf2 fxg3 29. Bxg3 Nc5 30. h5 Qf7 31. hxg6 Qxg6 32. Qh2 Rae8 33. b3 Qg5 34. Bf2 Ne6 35. 0-0-0 Nd4 36. Bxd4 exd4 37. Rdg1 Qf6 38. Nc4 Re7 39. Qd6 Re6 40. Qd7 Rf7 41. Qc8+ Kh7 42. e5 Qe7 43. Nd6 Rf8 44. Qxc6 Bxe5 45. Qe4+ Kh8 46. Rg6 Rxg6 47. Qxg6 Bf4+ 48. Kb1 Rf6 49. Nf5 Qf8 50. Nh4 Be3 51. Qh5 Qd6 52. Rd1 Bg5 53. Qe8+ Kg7 54. Qe4 Qf4 55. Rg1 Kg8 56. Qd5+ Kh7 57. Ng2 Qxf3 58. Qxd4 Qf2 59. Qe4+ Qf5 60. Qe2 Re6 61. Qc4 Re4 62. Qd3 Re5 63. Qc4 Rc5 64. Qe2 Rc3 65. Kb2 Rf3 66. Ne1 Re3 67. Qd1 Qe5+ 68. Ka2 Qe6 69. Nd3 Re2 70. Kb1 Qe3 71. Qf1 Kg7 72. Rg3 Qd2 73. Qc1 Qxc1+ 74. Nxc1 Re1 0-1

[Event "SVK-chT1W 1819"]
[Site "Slovakia"]
[Date "2019.02.24"]
[Round "9.1"]
[White "Pechac, Jergus"]
[Black "Zetocha, Claudiu"]
[Result "1-0"]
[WhiteElo "2449"]
[BlackElo "2316"]
[PlyCount "59"]
[EventDate "2018.10.27"]
[EventType "team-tourn"]
[EventRounds "11"]
[EventCountry "SVK"]
[SourceTitle "CBM 189 Extra"]
[Source "ChessBase"]
[SourceDate "2019.06.03"]
[SourceVersion "1"]
[SourceVersionDate "2019.06.03"]
[SourceQuality "1"]
[WhiteTeam "Trnava Sered"]
[BlackTeam "Bratislava Slovan II"]
[WhiteTeamCountry "SVK"]
[BlackTeamCountry "SVK"]

1. d4 Nf6 2. c4 c5 3. d5 b5 4. cxb5 a6 5. bxa6 g6 6. Nc3 Bxa6 7. e4 Bxf1 8. Kxf1 d6 9. g3 Bg7 10. Kg2 0-0 11. Nf3 Nbd7 12. Qc2 Ra6 13. Rb1 Qa8 14. b3 Rc8 15. Rd1 Ng4 16. Bb2 Nge5 17. Nxe5 Bxe5 18. a4 Nb6 19. Nb5 Bxb2 20. Qxb2 c4 21. Rdc1 Ra5 22. Qd4 Qa6 23. bxc4 Nxa4 24. e5 dxe5 25. Qxe5 e6 26. Nd6 Rf8 27. Ne4 f5 28. Nf6+ Kf7 29. dxe6+ Kg7 30. Ne8+ 1-0